| 000 | 00749nam a2200217Ii 4500 | ||
|---|---|---|---|
| 003 | JO-AjNU | ||
| 008 | 230605s9999||||xx |||||||||||||| ||und|| | ||
| 017 | _a2003/7/1535 | ||
| 040 |
_aJO-AjNU _bara _erda _cJO-AjNU |
||
| 041 | _aara | ||
| 050 | 1 | 4 | _aTA403.S2546 |
| 100 | 3 |
_aسماره، زهير محمد , _eauthor _951267 |
|
| 245 | 0 | 0 | _aدليل صناعة المواد الانشائية المنتجات وخواصها |
| 250 | _aط1 | ||
| 264 | 3 | 1 | _aعمان :المؤلف ،2003 |
| 300 | _a361ص | ||
| 336 |
_atext _btxt _2rdacontent |
||
| 337 |
_aunmediated _bn _2rdamedia |
||
| 338 |
_avolume _bnc _2rdacarrier |
||
| 650 | 4 |
_aالبناء الهندسي -المواد الهندسية -الهندسة-عمليات التشيد _951268 |
|
| 999 |
_aA22634 _c26202 _d26202 |
||